Responses for Show #2939 - Thursday, May 15, 1997

1997 College Championship quarterfinal game 4.

Contestants

[<< previous game]

Mark Urciuolo, a sophomore from Marist College

Lisa Talley, a senior from Loyola University (New Orleans)

Brian Chan, a freshman from Harvard University

[next game >>]

Jeopardy! Round responses

AMERICAN HISTORY
POP QUIZ
HOBBIES
THE BIBLE
ROAD TRIP
"G.R."
    $100 1
Sooners

Mark
    $100 4
Whitney Houston

Mark
    $100 11
(Mark: What's a peanut?)

Mr. Peanut

LisaMark
    $100 13
the sabbath

Lisa
    $100 17
Grand Canyon

Mark
    $100 16
gold rush

Mark
    $200 2
Hoover Dam

Brian
    $500 5
Toni Braxton

Mark
    $200 12
flowers

Brian
    $200 27
Matthew

Brian
    $200 18
Des Moines

Brian
    $200 22
gin rummy

Lisa
    $300 3
railroad

Lisa
    $300 6
10,000 Maniacs

Mark
    $300 14
Magicians

Mark
    $300 28
Daniel

Lisa
    $300 19
Michigan

Brian
    $300 23
Green Room

Lisa
    $400 9
Dolley Madison

Mark
    $400 7
Bryan Adams

Brian
    $400 15
commemorative

Lisa
    $400 29
Judas Iscariot

Mark
    $400 20
New Jersey

Mark
    $400 24
golden retriever

Mark
    $500 10
voting

Mark
    $500 8
The Cranberries

Mark
    $500 26
stained-glass windows

Triple Stumper
    $500 30
turning water into wine

Brian
    $500 21
Manitoba

Brian
    $500 25
Geraldo Rivera

Mark

Scores at the first commercial break (after clue 15):

Brian Lisa Mark
$800 $900 $2,600

Scores at the end of the Jeopardy! Round:

Brian Lisa Mark
$2,500 $1,700 $4,500

Double Jeopardy! Round responses

ROYALTY
THE ENVIRONMENT
FILM DIRECTORS
AUSTRALIA
SCIENCE & TECHNOLOGY FIRSTS
ENGLISH LIT.
    $200 3
Albert

Triple Stumper
    $200 21
Everglades

Mark
    $200 1
(Brian: Ogh, what, ohh...)

Monte Python (Flying Circus)

BrianLisa
    $200 8
outback

Mark
    $200 26
Apple

Brian
    $200 20
(Daniel) Defoe

Brian
    $400 4
Hapsburgs

Mark
    $400 22
penguin

Brian
    $400 2
Tim Robbins

Mark
    $400 15
criminals

Mark
    $400 27
Edison

Lisa
    $400 12
Bleak House

Lisa
    $600 5
George III

Mark
    $600 23
squirrel

Brian
    $600 9
Coen

Mark
    $600 16
dingo

Brian
    $500 28
a (human) heart transplant

Lisa
    $600 13
Coleridge

Lisa
    $800 6
Cleopatra

Triple Stumper
    $800 24
(Brian: What is Mexico?)

Japan

Brian
Triple Stumper
    $800 10
Frank Capra

Lisa
    $800 17
New Guinea

Brian
    $800 29
Foucault

Lisa
    $800 14
(Thomas) Hardy

Brian
    $1000 7
Ethiopia

Brian
    $1,000 25
Greenpeace

Brian
    $1000 11
(Brian: Who is Berlusconi?)

(Bernardo) Bertolucci

BrianLisa
    $1000 18
Gallipoli

Lisa
    $1000 30
(Antoine) Lavoisier

Brian
    $1000 19
(Lisa: Who is Henry Miller?)
(Mark: Who is O. Henry?)

Henry James

LisaMark
Triple Stumper

Scores at the end of the Double Jeopardy! Round:

Brian Lisa Mark
$7,100 $6,400 $6,300

Final Jeopardy! Round responses

COLLEGES & UNIVERSITIES
MarkWhat is the Naval Academy [A smiley face was added at the end of his response.]
$3,700
LisaWhat is the Naval Academy?
$3,600
BrianWhat is the [a bit of unreadable scribbling] Naval Academy? D51 [his room number]
$7,000
Naval Academy

Final scores:

Brian Lisa Mark
$14,100 $10,000 $10,000
Automatic semifinalist 2nd place: $1,000 if eliminated 3rd place: $1,000 if eliminated

Game dynamics:

Coryat scores:

Brian Lisa Mark
$7,100 $6,500 $6,000
18 R
(including 1 DD),
3 W
16 R
(including 1 DD),
1 W
21 R
(including 1 DD),
2 W

Combined Coryat: $19,600

[game clues] [game scores] [suggest correction]

Game tape date: 1997-02-25
The J! Archive is created by fans, for fans. Scraping, republication, monetization, and malicious use prohibited; this site may use cookies and collect identifying information. See terms. The Jeopardy! game show and all elements thereof, including but not limited to copyright and trademark thereto, are the property of Jeopardy Productions, Inc. and are protected under law. This website is not affiliated with, sponsored by, or operated by Jeopardy Productions, Inc. Join the discussion at JBoard.tv.